00611 2200229 4500001002100000005001700021008004100038035002400079082001000103090001700113100002500130245006900155260002600224300001900250500001100269650003200280700002100312850001200333980001500345985000600360999001500366YOGYA-0209000006451720090227040314.0 ind  0010-020900000064517 a822.3 a822.3bSha T aSHAKESPEARE, William aTragedies & poemscWilliam Shakespeare ; editor, Peter Alexander aLondonbCollinsc1958 a576 hlmc18 cm aIndeks aKesasteraan Inggris - Drama aAlexander, Peter aYOPDYOG a05-08-2008 a1 ab000004877